Normal view
MARC view
- Dubey, G. K , Doradla, S. R , Joshi, A
Entry Personal Name
001 - CONTROL NUMBER
- control field: 66715
003 - CONTROL NUMBER IDENTIFIER
- control field: NUST
005 - DATE AND TIME OF LATEST TRANSACTION
- control field: 20210628203642.0
008 - FIXED-LENGTH DATA ELEMENTS
- fixed length control field: 210628|| aca||aabn | a|a d
040 ## - CATALOGING SOURCE
- Original cataloging agency: NUST
- Transcribing agency: NUST
100 ## - HEADING--PERSONAL NAME
- Personal name: Dubey, G. K , Doradla, S. R , Joshi, A
670 ## - SOURCE DATA FOUND
- Source citation: Work cat.: (NUST): Dubey, G. K , Doradla, S. R , Joshi, A, Thyristorised power controlled, 1986
